000 00836nas a2200289 4500
001 BR0704160
003 BR-BrBNA
005 20231205111057.0
007 ta
008 230509b bl.|||p| |||| 00| 00por d
040 _aBR-BrBNA
_bpor
_cBiblioteca Nacional de Agricultura
041 _a(Pt)
072 _aF04; P35
100 1 _aCenturion, C.A.
100 1 _aCamargo, O.A.
245 1 _aTranslocação de Zn, Cu e Ni em latossolo que recebeu biossólido há quinze anos
650 _aTRANSLOCAÇÃO
650 _aZINCO
650 _aCOBRE
650 _aNIQUEL
650 _aLATOSSOLO
650 _aBIOQUIMICA DO SOLO
650 _aANÁLISE DO SOLO
773 0 _tEcossistema (Brazil)
_xISSN 0100-4107
_g(Jan-Dec 2002), v. 27(1-2) p. 11-15
_wBR0704160
909 _a202311
_bLúcia
_c55
_dLúcia Elande
942 _2AGRIS
_n0
_cANA
999 _c190508
_d190508